<?xml version="1.0" encoding="UTF-8"?>
<marc:record xmlns:marc="http://www.loc.gov/MARC21/slim">
   <marc:leader>00000nam a2200000 a 4500</marc:leader>
   <marc:datafield ind1="1" ind2=" " tag="100">
      <marc:subfield code="a">Heiting, Mareile</marc:subfield>
      <marc:subfield code="4">aut</marc:subfield>
      <marc:subfield code="e">Verfasser/-in</marc:subfield>
   </marc:datafield>
   <marc:datafield ind1=" " ind2=" " tag="653">
      <marc:subfield code="a">Cybercrime</marc:subfield>
   </marc:datafield>
   <marc:datafield ind1=" " ind2=" " tag="653">
      <marc:subfield code="a">Hacker Angriffe</marc:subfield>
   </marc:datafield>
   <marc:datafield ind1=" " ind2=" " tag="653">
      <marc:subfield code="a">Viren-Schutz</marc:subfield>
   </marc:datafield>
   <marc:datafield ind1=" " ind2=" " tag="653">
      <marc:subfield code="a">Malware</marc:subfield>
   </marc:datafield>
   <marc:datafield ind1=" " ind2=" " tag="653">
      <marc:subfield code="a">Spam</marc:subfield>
   </marc:datafield>
   <marc:datafield ind1=" " ind2=" " tag="653">
      <marc:subfield code="a">Phishing</marc:subfield>
   </marc:datafield>
   <marc:datafield ind1=" " ind2=" " tag="653">
      <marc:subfield code="a">Passwort Passwörter</marc:subfield>
   </marc:datafield>
   <marc:datafield ind1=" " ind2=" " tag="653">
      <marc:subfield code="a">Daten-Missbrauch</marc:subfield>
   </marc:datafield>
   <marc:datafield ind1=" " ind2=" " tag="653">
      <marc:subfield code="a">Back-up</marc:subfield>
   </marc:datafield>
   <marc:datafield ind1=" " ind2=" " tag="653">
      <marc:subfield code="a">Daten verschlüsseln</marc:subfield>
   </marc:datafield>
   <marc:datafield ind1=" " ind2=" " tag="653">
      <marc:subfield code="a">Firewall</marc:subfield>
   </marc:datafield>
   <marc:datafield ind1=" " ind2=" " tag="653">
      <marc:subfield code="a">Anonym surfen</marc:subfield>
   </marc:datafield>
   <marc:datafield ind1=" " ind2=" " tag="653">
      <marc:subfield code="a">Internet</marc:subfield>
   </marc:datafield>
   <marc:datafield ind1=" " ind2=" " tag="653">
      <marc:subfield code="a">WLAN</marc:subfield>
   </marc:datafield>
   <marc:datafield ind1=" " ind2=" " tag="653">
      <marc:subfield code="a">Online-Account</marc:subfield>
   </marc:datafield>
   <marc:datafield ind1=" " ind2=" " tag="653">
      <marc:subfield code="a">Windows macOS Linux</marc:subfield>
   </marc:datafield>
   <marc:datafield ind1=" " ind2=" " tag="653">
      <marc:subfield code="a">Betrug</marc:subfield>
   </marc:datafield>
   <marc:datafield ind1=" " ind2=" " tag="653">
      <marc:subfield code="a">Cyber-Sicherheit</marc:subfield>
   </marc:datafield>
   <marc:datafield ind1=" " ind2=" " tag="653">
      <marc:subfield code="a">Buch Bücher Tipps und Tricks Lernen Kurse Ratgeber</marc:subfield>
   </marc:datafield>
   <marc:datafield ind1=" " ind2=" " tag="653">
      <marc:subfield code="a">Softcover / Informatik</marc:subfield>
   </marc:datafield>
   <marc:datafield ind1=" " ind2=" " tag="653">
      <marc:subfield code="a">EDV/Internet</marc:subfield>
   </marc:datafield>
   <marc:datafield ind1="0" ind2="0" tag="245">
      <marc:subfield code="a">Meine Daten!</marc:subfield>
   </marc:datafield>
   <marc:datafield ind1="0" ind2="0" tag="245">
      <marc:subfield code="c">Mareile Heiting</marc:subfield>
   </marc:datafield>
   <marc:datafield ind1=" " ind2="1" tag="264">
      <marc:subfield code="a">Bonn</marc:subfield>
      <marc:subfield code="b">Vierfarben</marc:subfield>
      <marc:subfield code="c">2020</marc:subfield>
   </marc:datafield>
   <marc:datafield ind1=" " ind2=" " tag="250">
      <marc:subfield code="a">1. Auflage</marc:subfield>
   </marc:datafield>
   <marc:datafield ind1="1" ind2=" " tag="520">
      <marc:subfield code="a">Angaben aus der Verlagsmeldung

Meine Daten! : Die besten Tipps gegen Datendiebstahl und Hacking / von Mareile Heiting

Die besten Tipps gegen Datenklau und Hacking – digitale Sicherheit für alle!

E-Mails, Dateien und Benutzerkonten absichern
Virenschutz, Spamabwehr, Surfen ohne Datenspuren
Online-Banking und Online-Shopping ohne Risiko

Schlagen Sie Internetbetrügern und Cyberkriminellen ein Schnippchen, und sorgen Sie für die Sicherheit und Privatsphäre bei allen Ihren digitalen Aktivitäten! Die Expertin für Internetsicherheit Mareile Heiting hat für Sie die wirksamsten Tipps zusammengestellt – von der Absicherung Ihres Routers über den Schutz vor Malware, Spam und Phishing bis zur Datenverschlüsselung und einem sicheren Online-Zahlungsverkehr. Sie zeigt Ihnen auch Schritt für Schritt, was zu tun ist, wenn Ihr PC oder Smartphone von Viren befallen ist und wie Sie Ihre Daten retten.

Aus dem Inhalt:

Schwachstellen erkennen und Privatsphäre schützen
WLAN, Router und Heimnetzwerk absichern
Firewall und Datenschutzeinstellungen am PC
Schutz vor Viren und Malware
Apps und Software sicher installieren
Fake-Apps, Abofallen und Lockangebote erkennen
Backupmaßnahmen für PC und Smartphone
Daten sicher in der Cloud ablegen
Maßnahmen zur Datenverschlüsselung
E-Mails vor Spam, Phishing und Co. schützen
Wissenswertes zu Cookies, Pop-ups und Adobe Flash
Schutzmaßnahmen für den Browser
Phishing-Filter und InPrivate
Bankgeschäfte sicher im Internet erledigen
Online-Accounts schützen
Sichere Passwörter und Zwei-Faktor-Authentifizierung
Datensicherheit in Messengern und sozialen Netzwerken
Maßnahmen bei einem Virenbefall
Ein gehacktes Konto sperren
PC zurücksetzen und Daten wiederherstellen
Kurz: Die effektivsten Tipps gegen Datendiebstahl und Hackerangriffe!
</marc:subfield>
   </marc:datafield>
   <marc:datafield ind1=" " ind2=" " tag="020">
      <marc:subfield code="a">9783842107205</marc:subfield>
      <marc:subfield code="9">9783842107205</marc:subfield>
   </marc:datafield>
   <marc:datafield ind1=" " ind2=" " tag="020">
      <marc:subfield code="a">384210720X</marc:subfield>
      <marc:subfield code="9">384210720X</marc:subfield>
   </marc:datafield>
   <marc:datafield ind1=" " ind2=" " tag="041">
      <marc:subfield code="a">ger</marc:subfield>
   </marc:datafield>
   <marc:datafield ind1=" " ind2=" " tag="300">
      <marc:subfield code="a">272 Seiten</marc:subfield>
   </marc:datafield>
</marc:record>
